[Event "Grand Swiss "]
[Date "2025.09.15"]
[White "Mamedyarov, Shakhriyar"]
[Black "Oparin, Grigoriy"]
[WhiteElo "2741"]
[BlackElo "2660"]
[Round "11.11.9"]
[Result "1-0"]

1. c4 {[%clk 01:40:57] [%emt 00:00:02]} e6 {[%clk 01:40:55] [%emt 00:00:05]} 2.
Nc3 {[%clk 01:41:15] [%emt 00:00:11]} d5 {[%clk 01:41:21] [%emt 00:00:04]} 3. d4
{[%clk 01:41:39] [%emt 00:00:06]} Nf6 {[%clk 01:41:46] [%emt 00:00:05]} 4. cxd5
{[%clk 01:42:01] [%emt 00:00:08]} exd5 {[%clk 01:42:12] [%emt 00:00:04]} 5. Bg5
{[%clk 01:42:27] [%emt 00:00:03]} Be7 {[%clk 01:42:23] [%emt 00:00:18]} 6. e3
{[%clk 01:42:42] [%emt 00:00:15]} c6 {[%clk 01:42:38] [%emt 00:00:15]} 7. Bd3
{[%clk 01:42:53] [%emt 00:00:19]} Nbd7 {[%clk 01:42:56] [%emt 00:00:12]} 8. Qc2
{[%clk 01:40:59] [%emt 00:02:24]} Nh5 {[%clk 01:42:27] [%emt 00:00:59]} 9. h4
{[%clk 01:40:27] [%emt 00:01:02]} h6 {[%clk 01:03:06] [%emt 00:39:51]} 10. Bxe7
{[%clk 01:37:52] [%emt 00:03:04]} Qxe7 {[%clk 01:03:33] [%emt 00:00:04]} 11. Nf3
{[%clk 01:37:09] [%emt 00:01:12]} Nb6 {[%clk 00:59:25] [%emt 00:04:39]} 12.
O-O-O {[%clk 01:35:43] [%emt 00:01:56]} Bg4 {[%clk 00:57:33] [%emt 00:02:22]}
13. Rdg1 {[%clk 01:29:53] [%emt 00:06:19]} Bxf3 {[%clk 00:44:01] [%emt
00:14:02]} 14. gxf3 {[%clk 01:30:14] [%emt 00:00:09]} O-O-O {[%clk 00:44:27]
[%emt 00:00:04]} 15. f4 {[%clk 01:30:10] [%emt 00:00:34]} g6 {[%clk 00:44:05]
[%emt 00:00:53]} 16. f5 {[%clk 01:27:15] [%emt 00:03:25]} gxf5 {[%clk 00:43:15]
[%emt 00:01:20]} 17. Be2 {[%clk 01:27:28] [%emt 00:00:16]} Nf6 {[%clk 00:43:31]
[%emt 00:00:15]} 18. Qxf5+ {[%clk 01:27:54] [%emt 00:00:04]} Nbd7 {[%clk
00:36:53] [%emt 00:07:08]} 19. Bd3 {[%clk 01:20:46] [%emt 00:07:38]} Ne8 {[%clk
00:32:07] [%emt 00:05:16]} 20. Qf4 {[%clk 01:13:57] [%emt 00:07:18]} Nd6 {[%clk
00:32:11] [%emt 00:00:27]} 21. Kb1 {[%clk 01:04:56] [%emt 00:09:32]} Qf6 {[%clk
00:30:22] [%emt 00:02:18]} 22. Qh2 {[%clk 01:05:23] [%emt 00:00:03]} Rhg8 {[%clk
00:29:19] [%emt 00:01:33]} 23. Rc1 {[%clk 01:04:01] [%emt 00:01:51]} Nb6 {[%clk
00:28:11] [%emt 00:01:39]} 24. b3 {[%clk 01:03:58] [%emt 00:00:32]} Rg7 {[%clk
00:20:27] [%emt 00:08:15]} 25. Ne2 {[%clk 01:01:33] [%emt 00:02:54]} Ne4 {[%clk
00:17:47] [%emt 00:03:11]} 26. Nf4 {[%clk 00:57:54] [%emt 00:04:09]} Qe7 {[%clk
00:17:36] [%emt 00:00:41]} 27. f3 {[%clk 00:57:20] [%emt 00:01:03]} Nd6 {[%clk
00:15:04] [%emt 00:03:03]} 28. Rhe1 {[%clk 00:57:07] [%emt 00:00:43]} Kb8 {[%clk
00:10:16] [%emt 00:05:18]} 29. a4 {[%clk 00:56:43] [%emt 00:00:54]} Na8 {[%clk
00:07:20] [%emt 00:03:27]} 30. e4 {[%clk 00:48:11] [%emt 00:09:02]} dxe4 {[%clk
00:07:45] [%emt 00:00:05]} 31. Bxe4 {[%clk 00:48:38] [%emt 00:00:03]} Qc7 {[%clk
00:07:22] [%emt 00:00:54]} 32. d5 {[%clk 00:44:55] [%emt 00:04:12]} c5 {[%clk
00:05:55] [%emt 00:01:57]} 33. Nh5 {[%clk 00:38:32] [%emt 00:06:52]} Rgg8 {[%clk
00:06:21] [%emt 00:00:05]} 34. Nf6 {[%clk 00:38:59] [%emt 00:00:03]} Rg7 {[%clk
00:06:43] [%emt 00:00:08]} 35. Bd3 {[%clk 00:36:26] [%emt 00:03:03]} Nb6 {[%clk
00:04:50] [%emt 00:02:23]} 36. a5 {[%clk 00:34:25] [%emt 00:02:30]} Nbc8 {[%clk
00:05:18] [%emt 00:00:02]} 37. b4 {[%clk 00:34:32] [%emt 00:00:23]} Ne8 {[%clk
00:03:43] [%emt 00:02:05]} 38. Qxc7+ {[%clk 00:32:07] [%emt 00:02:55]} Nxc7
{[%clk 00:04:11] [%emt 00:00:02]} 39. Rxc5 {[%clk 00:32:18] [%emt 00:00:18]} Rg3
{[%clk 00:01:49] [%emt 00:02:52]} 40. Bf5 {[%clk 00:29:06] [%emt 00:03:42]} b6
{[%clk 00:00:34] [%emt 00:01:45]} 41. Rxc7 {[%clk 00:27:55] [%emt 00:01:41]}
Kxc7 {[%clk 00:47:16] [%emt 00:03:47]} 42. Rc1+ {[%clk 01:18:14] [%emt
00:00:11]} Kb8 {[%clk 00:45:36] [%emt 00:02:11]} 43. Bxc8 {[%clk 01:18:31] [%emt
00:00:13]} Rxc8 {[%clk 00:44:16] [%emt 00:01:51]} 44. Nd7+ {[%clk 01:18:48]
[%emt 00:00:13]} Kb7 {[%clk 00:44:43] [%emt 00:00:03]} 45. a6+ {[%clk 01:19:16]
[%emt 00:00:02]} Kxa6 {[%clk 00:45:09] [%emt 00:00:03]} 46. Rxc8 {[%clk
01:19:37] [%emt 00:00:08]} Rxf3 {[%clk 00:45:37] [%emt 00:00:03]} 47. Ne5 {[%clk
01:19:31] [%emt 00:00:33]} 1-0

[Site "Europe Echecs"]

[Event "Grand Swiss "]
[Date "2025.09.15"]
[White "Yakubboev, Nodirbek"]
[Black "Fedoseev, Vladimir"]
[WhiteElo "2681"]
[BlackElo "2731"]
[Round "11.11.10"]
[Result "1-0"]

1. d4 {[%clk 01:40:49] [%emt 00:00:09]} Nf6 {[%clk 01:40:27] [%emt 00:00:34]} 2.
c4 {[%clk 01:41:12] [%emt 00:00:08]} e6 {[%clk 01:40:47] [%emt 00:00:09]} 3. Nf3
{[%clk 01:41:29] [%emt 00:00:13]} b6 {[%clk 01:40:50] [%emt 00:00:28]} 4. a3
{[%clk 01:41:18] [%emt 00:00:39]} c6 {[%clk 01:35:24] [%emt 00:05:58]} 5. Nc3
{[%clk 01:30:47] [%emt 00:11:01]} d5 {[%clk 01:35:47] [%emt 00:00:07]} 6. cxd5
{[%clk 01:30:15] [%emt 00:01:03]} cxd5 {[%clk 01:32:39] [%emt 00:03:37]} 7. Bg5
{[%clk 01:27:15] [%emt 00:03:30]} Be7 {[%clk 01:32:39] [%emt 00:00:30]} 8. e3
{[%clk 01:27:03] [%emt 00:00:42]} O-O {[%clk 01:29:57] [%emt 00:03:12]} 9. Rc1
{[%clk 01:27:20] [%emt 00:00:13]} Bb7 {[%clk 01:30:11] [%emt 00:00:16]} 10. Bd3
{[%clk 01:25:04] [%emt 00:02:46]} Nbd7 {[%clk 01:30:35] [%emt 00:00:06]} 11. O-O
{[%clk 01:24:08] [%emt 00:01:26]} a6 {[%clk 01:29:12] [%emt 00:01:53]} 12. Na4
{[%clk 01:10:33] [%emt 00:14:05]} h6 {[%clk 01:17:05] [%emt 00:12:37]} 13. Bh4
{[%clk 00:47:37] [%emt 00:23:26]} Re8 {[%clk 01:07:58] [%emt 00:09:37]} 14. Qe2
{[%clk 00:46:44] [%emt 00:01:24]} Bd6 {[%clk 01:05:59] [%emt 00:02:27]} 15. Rc2
{[%clk 00:44:59] [%emt 00:02:16]} e5 {[%clk 00:46:37] [%emt 00:19:52]} 16. Bg3
{[%clk 00:41:18] [%emt 00:04:12]} Bb8 {[%clk 00:45:44] [%emt 00:01:24]} 17. dxe5
{[%clk 00:37:28] [%emt 00:04:20]} Nxe5 {[%clk 00:43:42] [%emt 00:02:31]} 18.
Nxe5 {[%clk 00:28:13] [%emt 00:09:46]} Bxe5 {[%clk 00:44:05] [%emt 00:00:07]}
19. Qf3 {[%clk 00:28:15] [%emt 00:00:27]} Bxg3 {[%clk 00:41:32] [%emt 00:03:03]}
20. hxg3 {[%clk 00:24:40] [%emt 00:04:05]} Rc8 {[%clk 00:35:15] [%emt 00:06:47]}
21. Rd1 {[%clk 00:21:30] [%emt 00:03:40]} g5 {[%clk 00:27:07] [%emt 00:08:38]}
22. Bf5 {[%clk 00:15:36] [%emt 00:06:23]} Rc7 {[%clk 00:25:59] [%emt 00:01:38]}
23. Rd4 {[%clk 00:15:29] [%emt 00:00:37]} Kg7 {[%clk 00:22:53] [%emt 00:03:36]}
24. Qd1 {[%clk 00:14:57] [%emt 00:01:03]} Rce7 {[%clk 00:20:17] [%emt 00:03:06]}
25. Rcd2 {[%clk 00:13:47] [%emt 00:01:40]} b5 {[%clk 00:16:22] [%emt 00:04:24]}
26. Nc3 {[%clk 00:13:31] [%emt 00:00:46]} Rc7 {[%clk 00:14:31] [%emt 00:02:21]}
27. g4 {[%clk 00:08:41] [%emt 00:05:19]} Re5 {[%clk 00:14:15] [%emt 00:00:46]}
28. Bd3 {[%clk 00:06:40] [%emt 00:02:32]} Qc8 {[%clk 00:12:02] [%emt 00:02:43]}
29. Bf5 {[%clk 00:07:02] [%emt 00:00:07]} Qe8 {[%clk 00:12:20] [%emt 00:00:11]}
30. Qf3 {[%clk 00:06:29] [%emt 00:01:03]} Rc4 {[%clk 00:11:38] [%emt 00:01:12]}
31. Ne2 {[%clk 00:03:36] [%emt 00:03:23]} Bc8 {[%clk 00:08:47] [%emt 00:03:21]}
32. Ng3 {[%clk 00:03:46] [%emt 00:00:20]} Be6 {[%clk 00:08:41] [%emt 00:00:36]}
33. Qe2 {[%clk 00:01:25] [%emt 00:02:52]} Qc8 {[%clk 00:07:52] [%emt 00:01:18]}
34. Bxe6 {[%clk 00:01:27] [%emt 00:00:29]} fxe6 {[%clk 00:06:00] [%emt
00:02:22]} 35. f3 {[%clk 00:00:51] [%emt 00:01:06]} Qc5 {[%clk 00:04:58] [%emt
00:01:32]} 36. Kf2 {[%clk 00:00:58] [%emt 00:00:23]} Rxd4 {[%clk 00:03:07] [%emt
00:02:21]} 37. Rxd4 {[%clk 00:01:27] [%emt 00:00:01]} Qxd4 {[%clk 00:03:27]
[%emt 00:00:09]} 38. exd4 {[%clk 00:01:56] [%emt 00:00:02]} Rxe2+ {[%clk
00:03:50] [%emt 00:00:07]} 39. Nxe2 {[%clk 00:02:24] [%emt 00:00:02]} Nd7 {[%clk
00:04:03] [%emt 00:00:17]} 40. Nc1 {[%clk 00:01:36] [%emt 00:01:16]} Nb6 {[%clk
00:02:06] [%emt 00:02:30]} 41. b3 {[%clk 00:00:41] [%emt 00:01:25]} a5 {[%clk
00:50:20] [%emt 00:02:16]} 42. Ke3 {[%clk 00:49:16] [%emt 00:01:54]} Kf6 {[%clk
00:47:49] [%emt 00:03:01]} 43. Nd3 {[%clk 00:45:00] [%emt 00:04:46]} a4 {[%clk
00:46:59] [%emt 00:01:21]} 44. Kd2 {[%clk 00:43:23] [%emt 00:02:07]} axb3 {[%clk
00:41:35] [%emt 00:05:53]} 45. Kc3 {[%clk 00:43:51] [%emt 00:00:01]} Nc4 {[%clk
00:41:33] [%emt 00:00:32]} 46. Kxb3 {[%clk 00:44:17] [%emt 00:00:05]} e5 {[%clk
00:41:47] [%emt 00:00:16]} 47. dxe5+ {[%clk 00:42:25] [%emt 00:02:23]} Nxe5
{[%clk 00:41:33] [%emt 00:00:44]} 48. Kc3 {[%clk 00:42:04] [%emt 00:00:50]} Nc4
{[%clk 00:41:29] [%emt 00:00:35]} 49. Kb4 {[%clk 00:41:14] [%emt 00:01:21]} Ke6
{[%clk 00:41:51] [%emt 00:00:08]} 50. g3 {[%clk 00:40:25] [%emt 00:01:18]} Kd6
{[%clk 00:42:14] [%emt 00:00:07]} 51. f4 {[%clk 00:39:12] [%emt 00:01:43]} Kc6
{[%clk 00:41:58] [%emt 00:00:44]} 52. f5 {[%clk 00:32:27] [%emt 00:07:17]} Kd6
{[%clk 00:34:50] [%emt 00:07:38]} 53. Ne1 {[%clk 00:27:51] [%emt 00:05:06]} Ne5
{[%clk 00:28:04] [%emt 00:07:16]} 54. Kxb5 {[%clk 00:28:04] [%emt 00:00:18]} d4
{[%clk 00:28:02] [%emt 00:00:31]} 55. f6 {[%clk 00:28:09] [%emt 00:00:25]} d3
{[%clk 00:25:39] [%emt 00:02:54]} 56. Nxd3 {[%clk 00:28:23] [%emt 00:00:16]}
Nxd3 {[%clk 00:26:05] [%emt 00:00:03]} 57. f7 {[%clk 00:28:47] [%emt 00:00:07]}
Ke7 {[%clk 00:26:33] [%emt 00:00:02]} 58. a4 {[%clk 00:29:09] [%emt 00:00:08]}
Ne5 {[%clk 00:26:55] [%emt 00:00:09]} 59. f8=Q+ {[%clk 00:29:23] [%emt
00:00:15]} Kxf8 {[%clk 00:27:20] [%emt 00:00:05]} 60. a5 {[%clk 00:29:44] [%emt
00:00:09]} Nf7 {[%clk 00:27:42] [%emt 00:00:08]} 61. Kc5 {[%clk 00:29:11] [%emt
00:01:03]} 1-0

[Site "Europe Echecs"]

[Event "Grand Swiss "]
[Date "2025.09.15"]
[White "Sindarov, Javokhir"]
[Black "Sargsyan, Shant"]
[WhiteElo "2722"]
[BlackElo "2653"]
[Round "11.11.11"]
[Result "1/2-1/2"]

1. e4 {[%clk 01:40:52] [%emt 00:00:07]} e5 {[%clk 01:39:46] [%emt 00:01:15]} 2.
Nf3 {[%clk 01:41:16] [%emt 00:00:06]} Nc6 {[%clk 01:40:10] [%emt 00:00:06]} 3.
Bc4 {[%clk 01:41:40] [%emt 00:00:05]} Nf6 {[%clk 01:40:33] [%emt 00:00:08]} 4.
d3 {[%clk 01:42:05] [%emt 00:00:06]} Be7 {[%clk 01:40:56] [%emt 00:00:07]} 5.
O-O {[%clk 01:41:38] [%emt 00:00:57]} O-O {[%clk 01:41:21] [%emt 00:00:05]} 6.
Nc3 {[%clk 01:42:03] [%emt 00:00:05]} d6 {[%clk 01:41:39] [%emt 00:00:12]} 7. a4
{[%clk 01:42:29] [%emt 00:00:05]} Bg4 {[%clk 01:41:28] [%emt 00:00:41]} 8. h3
{[%clk 01:42:51] [%emt 00:00:07]} Bxf3 {[%clk 01:41:50] [%emt 00:00:09]} 9. Qxf3
{[%clk 01:43:02] [%emt 00:00:19]} Nd4 {[%clk 01:42:13] [%emt 00:00:06]} 10. Qd1
{[%clk 01:43:24] [%emt 00:00:09]} c6 {[%clk 01:42:29] [%emt 00:00:14]} 11. Ba2
{[%clk 01:43:09] [%emt 00:00:45]} Ne6 {[%clk 01:42:44] [%emt 00:00:15]} 12. Re1
{[%clk 01:37:12] [%emt 00:06:27]} Qc7 {[%clk 01:40:55] [%emt 00:02:19]} 13. Be3
{[%clk 01:36:05] [%emt 00:01:37]} Rad8 {[%clk 01:40:22] [%emt 00:01:03]} 14. a5
{[%clk 01:25:07] [%emt 00:11:29]} b5 {[%clk 01:30:27] [%emt 00:10:25]} 15. axb6
{[%clk 01:24:35] [%emt 00:01:01]} axb6 {[%clk 01:30:51] [%emt 00:00:05]} 16.
Bxe6 {[%clk 01:23:40] [%emt 00:01:25]} fxe6 {[%clk 01:31:15] [%emt 00:00:06]}
17. Ra6 {[%clk 01:24:05] [%emt 00:00:05]} Ra8 {[%clk 01:29:05] [%emt 00:02:41]}
18. Rxa8 {[%clk 01:05:01] [%emt 00:19:34]} Rxa8 {[%clk 01:29:26] [%emt
00:00:08]} 19. Ne2 {[%clk 01:05:28] [%emt 00:00:03]} d5 {[%clk 01:18:55] [%emt
00:11:01]} 20. Ng3 {[%clk 01:05:43] [%emt 00:00:15]} h6 {[%clk 01:18:24] [%emt
00:01:02]} 21. c4 {[%clk 01:00:11] [%emt 00:06:02]} Bb4 {[%clk 01:13:55] [%emt
00:04:58]} 22. Rf1 {[%clk 00:58:53] [%emt 00:01:48]} d4 {[%clk 01:07:55] [%emt
00:06:31]} 23. Bc1 {[%clk 00:57:45] [%emt 00:01:37]} Ra1 {[%clk 01:06:50] [%emt
00:01:36]} 24. Qb3 {[%clk 00:56:24] [%emt 00:01:50]} Bc5 {[%clk 00:52:23] [%emt
00:14:58]} 25. Kh2 {[%clk 00:54:59] [%emt 00:01:55]} Qa7 {[%clk 00:48:12] [%emt
00:04:42]} 26. Qc2 {[%clk 00:55:01] [%emt 00:00:28]} Bd6 {[%clk 00:45:13] [%emt
00:03:28]} 27. Qe2 {[%clk 00:52:21] [%emt 00:03:10]} Rb1 {[%clk 00:38:36] [%emt
00:07:07]} 28. Nh5 {[%clk 00:47:29] [%emt 00:05:22]} Nxh5 {[%clk 00:30:53] [%emt
00:08:13]} 29. Qxh5 {[%clk 00:47:47] [%emt 00:00:12]} Qa1 {[%clk 00:25:20] [%emt
00:06:02]} 30. Qe8+ {[%clk 00:47:28] [%emt 00:00:49]} Kh7 {[%clk 00:25:37] [%emt
00:00:13]} 31. Qxe6 {[%clk 00:47:33] [%emt 00:00:26]} Rxc1 {[%clk 00:25:23]
[%emt 00:00:43]} 32. Qf5+ {[%clk 00:47:48] [%emt 00:00:15]} Kg8 {[%clk 00:25:34]
[%emt 00:00:18]} 33. Qe6+ {[%clk 00:48:12] [%emt 00:00:07]} Kh7 {[%clk 00:26:01]
[%emt 00:00:03]} 34. Qf5+ {[%emt 00:00:05]} 1/2-1/2

[Site "Europe Echecs"]

[Event "Grand Swiss "]
[Date "2025.09.15"]
[White "Rapport, Richard"]
[Black "Tabatabaei, M. Amin"]
[WhiteElo "2711"]
[BlackElo "2673"]
[Round "11.11.12"]
[Result "1-0"]

1. g3 {[%clk 01:40:33] [%emt 00:00:27]} c5 {[%clk 01:39:53] [%emt 00:01:07]} 2.
c4 {[%clk 01:40:24] [%emt 00:00:39]} g6 {[%clk 01:40:11] [%emt 00:00:12]} 3. Bg2
{[%clk 01:40:47] [%emt 00:00:06]} Nc6 {[%clk 01:40:34] [%emt 00:00:07]} 4. Nc3
{[%clk 01:41:10] [%emt 00:00:06]} Bg7 {[%clk 01:41:01] [%emt 00:00:05]} 5. d3
{[%clk 01:41:34] [%emt 00:00:07]} e6 {[%clk 01:40:26] [%emt 00:01:04]} 6. Be3
{[%emt 00:02:38]} d6 {[%clk 01:33:14] [%emt 00:06:22]} 7. Qd2 {[%clk 01:38:01]
[%emt 00:03:15]} h6 {[%clk 01:33:16] [%emt 00:00:28]} 8. Nf3 {[%clk 01:36:42]
[%emt 00:01:48]} Nd4 {[%clk 01:30:13] [%emt 00:03:33]} 9. Bxd4 {[%clk 01:31:06]
[%emt 00:06:06]} cxd4 {[%clk 01:29:43] [%emt 00:01:01]} 10. Nb5 {[%clk 01:31:32]
[%emt 00:00:04]} e5 {[%clk 01:29:32] [%emt 00:00:41]} 11. Qb4 {[%clk 01:31:58]
[%emt 00:00:04]} Bf8 {[%clk 01:29:55] [%emt 00:00:07]} 12. c5 {[%clk 01:32:23]
[%emt 00:00:05]} dxc5 {[%clk 01:29:29] [%emt 00:00:56]} 13. Qc4 {[%clk 01:16:45]
[%emt 00:16:08]} a6 {[%clk 00:27:03] [%emt 01:02:56]} 14. Nxe5 {[%clk 01:15:36]
[%emt 00:01:39]} Rh7 {[%clk 00:27:00] [%emt 00:00:33]} 15. Na3 {[%clk 01:04:08]
[%emt 00:11:58]} Qa5+ {[%clk 00:22:57] [%emt 00:04:33]} 16. Kd1 {[%clk 00:56:36]
[%emt 00:08:02]} Nf6 {[%clk 00:19:47] [%emt 00:03:41]} 17. Qb3 {[%clk 00:56:00]
[%emt 00:01:06]} Qc7 {[%clk 00:19:39] [%emt 00:00:38]} 18. Nac4 {[%clk 00:54:18]
[%emt 00:02:11]} Rb8 {[%clk 00:19:18] [%emt 00:00:51]} 19. Qb6 {[%clk 00:47:59]
[%emt 00:06:49]} Qxb6 {[%clk 00:19:33] [%emt 00:00:15]} 20. Nxb6 {[%clk
00:48:27] [%emt 00:00:02]} Be6 {[%clk 00:19:50] [%emt 00:00:13]} 21. a4 {[%clk
00:46:09] [%emt 00:02:48]} h5 {[%clk 00:19:52] [%emt 00:00:28]} 22. h3 {[%clk
00:45:25] [%emt 00:01:13]} Bd6 {[%clk 00:18:42] [%emt 00:01:40]} 23. Nec4 {[%clk
00:44:06] [%emt 00:01:49]} Bc7 {[%clk 00:19:05] [%emt 00:00:07]} 24. a5 {[%clk
00:44:12] [%emt 00:00:23]} Ke7 {[%clk 00:13:58] [%emt 00:05:37]} 25. Kd2 {[%clk
00:42:20] [%emt 00:02:22]} Rhh8 {[%clk 00:12:53] [%emt 00:01:36]} 26. Rhb1
{[%clk 00:33:16] [%emt 00:09:33]} h4 {[%clk 00:11:55] [%emt 00:01:28]} 27. g4
{[%clk 00:33:32] [%emt 00:00:14]} Bxb6 {[%clk 00:08:12] [%emt 00:04:14]} 28.
Nxb6 {[%clk 00:32:21] [%emt 00:01:41]} Nd7 {[%clk 00:08:41] [%emt 00:00:01]} 29.
Nxd7 {[%clk 00:31:02] [%emt 00:01:49]} Kxd7 {[%clk 00:08:35] [%emt 00:00:36]}
30. b4 {[%clk 00:31:27] [%emt 00:00:05]} c4 {[%clk 00:08:39] [%emt 00:00:26]}
31. b5 {[%clk 00:31:47] [%emt 00:00:10]} Ke7 {[%clk 00:06:40] [%emt 00:02:30]}
32. Rb4 {[%clk 00:30:16] [%emt 00:02:00]} cxd3 {[%clk 00:07:05] [%emt 00:00:06]}
33. exd3 {[%clk 00:24:34] [%emt 00:06:12]} Rhd8 {[%clk 00:07:12] [%emt
00:00:23]} 34. Rab1 {[%clk 00:24:51] [%emt 00:00:13]} Rd6 {[%clk 00:07:38] [%emt
00:00:04]} 35. Rc1 {[%clk 00:22:40] [%emt 00:02:40]} axb5 {[%clk 00:03:24] [%emt
00:04:44]} 36. Rxb5 {[%clk 00:22:42] [%emt 00:00:27]} Bc8 {[%clk 00:03:20] [%emt
00:00:34]} 37. Rc7+ {[%clk 00:19:10] [%emt 00:04:02]} Rd7 {[%clk 00:03:39] [%emt
00:00:11]} 38. Rxd7+ {[%clk 00:09:00] [%emt 00:10:40]} Kxd7 {[%clk 00:04:07]
[%emt 00:00:02]} 39. a6 {[%clk 00:09:27] [%emt 00:00:04]} Kc7 {[%clk 00:04:12]
[%emt 00:00:25]} 40. Bxb7 {[%clk 00:09:16] [%emt 00:00:40]} Bxb7 {[%clk
00:04:28] [%emt 00:00:13]} 41. Rxb7+ {[%clk 00:09:31] [%emt 00:00:16]} Rxb7
{[%clk 00:04:54] [%emt 00:00:04]} 42. axb7 {[%clk 00:09:59] [%emt 00:00:02]}
Kxb7 {[%clk 00:05:15] [%emt 00:00:09]} 43. Ke2 {[%clk 00:10:21] [%emt 00:00:08]}
Kc6 {[%clk 00:02:54] [%emt 00:02:51]} 44. Kf3 {[%clk 00:10:17] [%emt 00:00:34]}
Kd5 {[%clk 00:03:02] [%emt 00:00:22]} 45. Kf4 {[%clk 00:10:39] [%emt 00:00:08]}
f6 {[%clk 00:02:33] [%emt 00:00:59]} 46. f3 {[%clk 00:11:04] [%emt 00:00:05]}
Kc5 {[%clk 00:02:47] [%emt 00:00:16]} 47. g5 {[%clk 00:11:16] [%emt 00:00:19]}
fxg5+ {[%clk 00:01:01] [%emt 00:02:15]} 48. Ke5 {[%clk 00:11:42] [%emt
00:00:04]} 1-0

[Site "Europe Echecs"]